000 01254nam a2200205Ia 4500
001 b6085-42125
003 IT-MiCISF
008 161014s9999||||xx |||||||||||||| ||und||
040 _aIT-MiCISF
_cIT-MiCISF
041 _ait
100 _aCastañeda Marina
245 0 _aComprendere l'omosessualità
250 _a1a ed.
260 _a Roma
_bArmando
_c2006 [Edizione originale: 1999]
300 _app. 238
500 _a / omosessualità, società, famiglia, coppia, uomo, donna / L'A. ci propone un'analisi della dimensione psicologica dell'omosessualità a tutto tondo: dall'infanzia e l'adolescenza degli omosessuali, alla posizione particolare che occupano nella loro famiglia, dalle vicissitudini della clandestinità alle numerose manifestazioni dell'omofobia interiorizzata, alla dinamica della coppia maschile e femminile: tutti i vari aspetti dell'esperienza soggettiva dell'omosessualità sono considerati e descritti. Obiettivo del libro è quello di fornire delle risposte agli eterosessuali che si interessano al vissuto dei loro amici gay, ai genitori di adolescenti omosessuali, ai terapeuti e agli omosessuali che vogliono capirsi meglio.
650 _a Sessualità / sessualità
_e005
942 _cBK
957 _71
999 _a42125
_bsi
_g1
_c210992
_d210992